000 00376nam a2200145Ia 4500
008 220204s9999 xx 000 0 und d
082 _a031
_bMAC
100 _aMACK, C
245 0 _aEssentials of statistics for scientists and technologists
260 _aNew York
_bPlenum
_c1966
650 _aMathematics
650 _aSampling theory
650 _aStatistics
942 _cBK
999 _c26681
_d26681